00370nam a2200121Ia 4500008004100000082002000041100002900061245004100090260003800131300000900169630001800178650005200196211118s9999||||xx |||||||||||||| ||und|| a894.8124bNIT-A aNithyachaithanya Yathi,  0aAvasyam Anuvarthikenda Vidhyabhaasam bOlive PublicationsaCalicutc2001 a130p xGeneral Stack aMalayalam LiteraturevMalayalam EssaysMalayalam